• 首页
  • 本馆介绍
  • 公告通知
  • 最新文献
  • 馆藏检索
  • 电子资源
  • 读者导购
  • 参考咨询
  • 我的图书馆
  • 登录
  • 详细信息显示
  • 放入我的书架
  • 预约/预借图书
  • 作者相关作品
  • 分类相关作品
  • 丛书相关作品
  • 出版社相关作品

书目信息

  • 表格格式
  • 工作单格式
  • 卡片格式
题名:
沉思录
    
 
作者: 奥勒留 著 ;华月 译
分册:  
出版信息: 北京   中国华侨出版社  2018
页数: 247页
开本: 21cm
丛书名:
单 册:
中图分类: B502.43
科图分类:
主题词: 新斯多葛派--哲学理论
电子资源:
ISBN: 978-7-5113-7170-6
000 01120nam0 2200253 450
001 012001003514
005 20140926114739.0
010    @a978-7-5113-7170-6@dCNY32.00
100    @a20180612d2018 em y0chiy50 ea
101 1  @achi@clat
102    @aCN@b110000
105    @ay z 000yy
106    @ar
200 1  @a沉思录@9chen si lu@dMeditations@f(古罗马)马可·奥勒留著@g华月译@zeng
210    @a北京@c中国华侨出版社@d2018
215    @a247页@d21cm
330    @a本书是公元2世纪后期古代罗马皇帝马可·奥勒留传下来的一部个人哲学思考录。全书分十二卷共487则箴言,是奥勒留在二十多年的征战生涯中,在鞍马劳顿之余,写下的与自己心灵的对话录,它的每一页都充满了智慧。书中,古罗马皇帝奥勒留考察了自然与社会的关系、宇宙与人生的关系、理性与欲望的关系、自我与他人的关系,剖析了他本人独特的内心世界,以及自身所处混乱世界的感受,思考了诸如道德、宗教、人生伦理、自然哲学等问题。
510 1  @aMeditations@zeng
606 0  @a新斯多葛派@x哲学理论
690    @aB502.43@v5
701  0 @c(古罗马)@a奥勒留@9ao le liu@f(121-180)@4著
702  0 @a华月@9hua yue@4译
801  0 @aCN@b上海新华@c20180901
905    @b1154493-7@dB502.43@e129@f5
    
    沉思录=Meditations/(古罗马)马可·奥勒留著/华月译.-北京:中国华侨出版社,2018
    247页;21cm
    
    
    ISBN 978-7-5113-7170-6:CNY32.00
    本书是公元2世纪后期古代罗马皇帝马可·奥勒留传下来的一部个人哲学思考录。全书分十二卷共487则箴言,是奥勒留在二十多年的征战生涯中,在鞍马劳顿之余,写下的与自己心灵的对话录,它的每一页都充满了智慧。书中,古罗马皇帝奥勒留考察了自然与社会的关系、宇宙与人生的关系、理性与欲望的关系、自我与他人的关系,剖析了他本人独特的内心世界,以及自身所处混乱世界的感受,思考了诸如道德、宗教、人生伦理、自然哲学等问题。
●
相关链接 在E读中查询图书 在五车中查询图书 在当当中查询图书 在豆瓣中查询图书


正题名:沉思录     索取号:B502.43/129         预约/预借

序号 登录号 条形码 馆藏地/架位号 状态 备注
1 1154493   211544934   第一样本阅览室/ [索取号:B502.43/129] 在馆    
2 1154494   211544943   第一借阅区/ [索取号:B502.43/129] 在馆    
3 1154495   211544952   第一借阅区/ [索取号:B502.43/129] 在馆    
4 1154496   211544961   第一借阅区/ [索取号:B502.43/129] 在馆    
5 1154497   211544970   第一借阅区/ [索取号:B502.43/129] 在馆    
唐山师范学院图书馆 欢迎您!
大连网信软件有限公司© 版权所有